| 000 | 00896cam a22001935a 4500 | ||
|---|---|---|---|
| 001 | L155844 | ||
| 008 | 120418s1833 xxk f 000 0 eng d | ||
| 035 | _a(Sirsi) u155844 | ||
| 041 | 0 | _aeng | |
| 100 | 1 |
_aWoolrych, Humphry W. _q(Humphry William) _d1795-1871 |
|
| 245 | 0 | 2 | _aA practical treatise on the law of window lights |
| 260 |
_aLondon _bSaunders and Benning _c1833 |
||
| 300 |
_a86 p. _c19 cm. |
||
| 520 | _a"Containing I. What are ancient lights, II. What privileges new lights have, III. Of the obstructions to lights, together with the remedies for obstructing them, IV. What will operate as an extinguishment of the privilege of lights, as unity of possession, &c. and what not, with various other matters relating to the subject." | ||
| 583 |
_aCondition reviewed _c20120620 _lcondition level 2 |
||
| 651 | 4 |
_aGreat Britain _y1707- |
|
| 690 |
_aRights of light _96267 |
||
| 942 | _n0 | ||
| 999 |
_c113868 _d113868 |
||